Đảng lãnh đạo kết hợp phát triển kinh tế với thực hiện chính sách xã hội từ năm 1991 đến nay
Nội dung cuốn sách gồm có: Đảng cộng sản Việt Nam, Lịch sử, lãnh đạo, phát triển kinh tế, chính sach xã hội
Guardat en:
| Autor principal: | |
|---|---|
| Format: | Llibre |
| Idioma: | Vietnamese |
| Publicat: |
H.
Chính trị quốc gia
2017
|
| Matèries: | |
| Etiquetes: |
Afegir etiqueta
Sense etiquetes, Sigues el primer a etiquetar aquest registre!
|
| Thư viện lưu trữ: | Thư viện Trường Đại học Nam Cần Thơ |
|---|
| LEADER | 01642nam a22002417a 4500 | ||
|---|---|---|---|
| 001 | NCT_44283 | ||
| 008 | 180706b xxu||||| |||| 00| 0 vie d | ||
| 999 | |c 2123 |d 2123 | ||
| 020 | |a 9786045735008 |c 74000 | ||
| 082 | 0 | 4 | |2 23rd ed. |a 324.2597075 |b K305 |
| 100 | 1 | |a Phạm Đức Kiên | |
| 245 | 1 | 0 | |a Đảng lãnh đạo kết hợp phát triển kinh tế với thực hiện chính sách xã hội từ năm 1991 đến nay |c Phạm Đức Kiên |
| 260 | |a H. |b Chính trị quốc gia |c 2017 | ||
| 300 | |a 360tr. |c 21cm | ||
| 520 | 3 | |a Nội dung cuốn sách gồm có: Đảng cộng sản Việt Nam, Lịch sử, lãnh đạo, phát triển kinh tế, chính sach xã hội | |
| 653 | |a Kinh tế - Chính trị | ||
| 942 | |2 ddc |c BK | ||
| 952 | |0 0 |1 0 |2 ddc |4 0 |6 324_259707500000000_K305 |7 0 |9 12064 |a 000001 |b 000001 |d 2018-07-06 |o 324.2597075 K305 |p MD.11222 |r 2018-07-06 |v 74000.00 |w 2018-07-06 |y BK | ||
| 952 | |0 0 |1 0 |2 ddc |4 0 |6 324_259707500000000_K305 |7 0 |9 12065 |a 000001 |b 000001 |d 2018-07-06 |o 324.2597075 K305 |p MD.11223 |r 2018-07-06 |v 74000.00 |w 2018-07-06 |y BK | ||
| 952 | |0 0 |1 0 |2 ddc |4 0 |6 324_259707500000000_K305 |7 0 |9 12066 |a 000001 |b 000001 |d 2018-07-06 |o 324.2597075 K305 |p MD.11224 |r 2018-07-06 |v 74000.00 |w 2018-07-06 |y BK | ||
| 952 | |0 0 |1 0 |2 ddc |4 0 |6 324_259707500000000_K305 |7 0 |9 12067 |a 000001 |b 000001 |d 2018-07-06 |o 324.2597075 K305 |p MD.11225 |r 2018-07-06 |v 74000.00 |w 2018-07-06 |y BK | ||
| 952 | |0 0 |1 0 |2 ddc |4 0 |6 324_259707500000000_K305 |7 0 |9 12068 |a 000001 |b 000001 |d 2018-07-06 |o 324.2597075 K305 |p MD.11226 |r 2018-07-06 |v 74000.00 |w 2018-07-06 |y BK | ||
| 980 | |a Thư viện Trường Đại học Nam Cần Thơ | ||


